| 000 | 00000nam##2200000za#4500 |
| 001 | 9.579605 |
| 003 | CaOODSP |
| 005 | 20210624190636 |
| 007 | cr ||||||||||| |
| 008 | 150406|1996||||xxc|||||o f|0| 0 eng|d |
| 022 | |a1488-5387 |
| 040 | |aCaOODSP|beng |
| 043 | |an-cn--- |
| 086 | 1 |aFs97-4/2385E-PDF |
| 110 | 1 |aCanada. |bDepartment of Fisheries and Oceans. |
| 245 | 10|aProceedings of the 1996 Newfoundland Region Salmonid Stock Assessment Meeting / |h[electronic resource]|cby M.F. O'Connell (editor). |
| 260 | |aSt. John's - Newfoundland and Labrador : |bFisheries and Oceans Canada |c1996. |
| 300 | |a51p.|bfig., references, tables |
| 490 | 1 |aCanadian manuscript report of fisheries and aquatic sciences|x1488-5387|vNo. 2385 |
| 500 | |aOn t.p.: Science Branch, St. John's, Newfoundland. The catalogue number and ISSN for the print edition appear in the PDF version. |
| 546 | |a(Résumés en français) |
| 590 | |a14-09-Supp|b2014-04-23 |
| 720 | 1 |aO'Connell, M. F. |
| 776 | 0#|tProceedings of the 1996 Newfoundland Region Salmonid Stock Assessment Meeting / |w(CaOODSP)9.613688 |
| 830 | #0|aCanadian manuscript report of fisheries and aquatic sciences,|x1488-5387|vNo. 2385|w(CaOODSP)9.505211 |
| 856 | 40|ahttp://publications.gc.ca|qPDF|s1346 KB|uhttps://publications.gc.ca/collections/collection_2014/mpo-dfo/Fs97-4-2385-eng.pdf|yNo. 2385 |